000 00759nam a2200253Ia 4500
003 OSt
005 20220930091057.0
006 a|||||r|||| 00| 0
007 ta
008 220926b |||||||| |||| 00| 0 eng d
024 _a3457
037 _cTheses
040 _aCRL
_cCRL
_beng
041 _2eng
_aeng
100 _aBasar Topi
_9544684
110 _aUniversity of Delhi. Faculty of Law. Department of Law
245 0 _aEvolving benegit sharing mechanism and protection of traditional knowledge in India
_b A critical study
260 _c2010
650 _aLAW
700 _a Kaul B T Gu.
_9544685
700 _aUniversity of Delhi. Faculty of Law. Department of Law
942 _cDIS
_2CC
999 _c881598
_d881598